Countries by Historical Flags #2 - Statistics

General Stats
  • This quiz has been taken 423 times
    400 since last reset
  • The average score is 7 of 10
Answer Stats
Picture Answer % Correct
Kingdom of Italy (1861-1946)
98%
United States of America (1795-1818)
94%
Korean Empire (1897-1910)
92%
Venezuela (1954-2006)
88%
Iran (1907-1979)
81%
British Raj (1880-1947)
70%
Iraq (1921-1959)
52%
Rhodesia (1968-1979)
48%
Democratic Republic of the Congo (1997-2003)
42%
Union of Burma (1948-1962)
40%
No matching quizzes found
Score Distribution
Percent of People with Each Score
Percentile by Number Answered
Your Score History
You have not taken this quiz since the last reset